A bleisure turizmus és a hivatásturizmus fenntarthatósági aspektusainak vizsgálata konferencia, kongresszusszervezői szegmensben

Bibliográfiai részletek
Szerző: Tóth György
További közreműködők: Boros Dr. Kitti
Dokumentumtípus: Diplomadolgozat
Kulcsszavak:bleisure turizmus
fenntarthatóság
hivatásturizmus
konferenciaturizmus
utazás meghosszabbítás
Online Access:http://dolgozattar.uni-bge.hu/59549

MARC

LEADER 00000nta a2200000 i 4500
001 dolg59549
005 20260409145221.0
008 260409suuuu hu om 000 hun d
040 |a BGE Dolgozattár Repozitórium  |b hun 
041 |a hu 
100 1 |a Tóth György 
245 1 2 |a A bleisure turizmus és a hivatásturizmus fenntarthatósági aspektusainak vizsgálata konferencia, kongresszusszervezői szegmensben  |c Tóth György  |h [elektronikus dokumentum] 
520 3 |a A bleisure, az üzleti és szabadidős célú utazás kombinációja, napjaink turizmusának dinamikusan fejlődő ágazata. A terjedése az Y generáció és a technológiai fejlődés hatására gyorsult fel, lehetővé téve a rugalmas munkavégzést. A szolgáltatók figyelmet fordítanak erre a szegmensre, mivel a bleisure utazók magasabb költési hajlandósággal bírnak. A növekvő turizmus azonban fenntarthatósági problémákat is felvet, így a cél a környezeti hatások minimalizálása és a helyi közösségek jólétének elősegítése. A fenntartható turizmus megvalósítása együttműködést igényel, figyelembe véve a környezetvédelmet és a gazdasági stabilitást. A jövőbeni fejlődéshez szükséges a tudatos fogyasztói magatartás, a zöld technológiák elterjedése és a túlturizmus csökkentése. 
695 |a bleisure turizmus 
695 |a fenntarthatóság 
695 |a hivatásturizmus 
695 |a konferenciaturizmus 
695 |a utazás meghosszabbítás 
700 1 |a Boros Dr. Kitti  |e ths 
856 4 0 |u http://dolgozattar.uni-bge.hu/59549/1/szakdolgozat%20v%C3%A9gleges.pdf  |z Dokumentum-elérés 
856 4 0 |u http://dolgozattar.uni-bge.hu/59549/2/T%C3%B3th%20Gy%C3%B6rgy_konzulens_Boros%20Kitti.pdf  |z Dokumentum-elérés 
856 4 0 |u http://dolgozattar.uni-bge.hu/59549/3/T%C3%B3th%20Gy%C3%B6rgy%20Bsc%20Magyar%20Konzulens%20Karsai%20%C3%81rp%C3%A1d.pdf  |z Dokumentum-elérés